Szczegóły MARC21

Międzyodrze : przewodnik - mapa, szlak wodny, przepisy, rady, adresy /

003 -Nazwa inst., której nr kontr. jest w polu 001 [,]
    • @
    • Nazwa instytucji, której n kontrolny jest w polu 001
    • NUKAT
005 -DATA I CZAS OSTATNIEJ MODYFIKACJI [,]
    • @
    • pole kontrolne
    • 20241231110558.0
020 -Międzynarod. znormalizowany nr książki - ISBN [ , ]
    • a
    • Numer ISBN
    • 9788389402530 Find
040 -Instytucja sporządzająca opis [ , ]
    • a
    • Instytucja, która sporządziła opis (NP)
    • SZCZ U/MJ
    • b
    • Język katalogowania
    • pol
    • e
    • Zasady katalogowania
    • rda
    • c
    • Instytucja, która sporządziła rekord (NP)
    • SZCZ U/MJs
942 -Rodzaj dokumentu [ , ]
    • c
    • Rodzaj dokumentu
    • Książka
100 -Hasło główne - nazwa osobowa [1, ]
    • a
    • Nazwa osobowa (NP)
    • Leszczyńska, Małgorzata
    • c
    • Dopowiedzenie inne niż daty biograficzne (P)
    • (turystyka).
    • e
    • Rodzaj współpracy
    • Autor
    • 9
    • KHW
    • 704194
245 -Strefa tytułu i oznaczenia odpowiedzialności [1,0]
    • a
    • Tytuł
    • Międzyodrze : Find
    • b
    • Ciąg dalszy tytułu (NP)
    • przewodnik - mapa, szlak wodny, przepisy, rady, adresy / Find
    • c
    • Pozostałe elementy strefy tytułu i oznaczenia odpowiedzialności (NP)
    • Małgorzata Leszczyńska.
260 -Strefa adresu wydawniczego [ , ]
    • a
    • Miejsce wydania (P)
    • [Wołczkowo] :
    • b
    • Nazwa wydawcy (P)
    • Oficyna IN PLUS,
    • c
    • Data wydania (P)
    • [około 2007].
300 -Strefa opisu fizycznego [ , ]
    • a
    • Określenie formy książki i/lub objętość (NP)
    • 32 strony, [1] karta map złożona :
    • b
    • Oznaczenie ilustracji (NP)
    • ilustracje ;
    • c
    • Format (NP)
    • 18 cm.
336 -Typ zawartości [ , ]
    • a
    • Termin opisujący typ zawartości
    • Tekst
    • b
    • Kod określający zawartość
    • txt
    • 2
    • Źródło (terminu i kodu)
    • rdacontent
337 -Typ mediów [ , ]
    • a
    • Tryb odtwarzania
    • Bez urządzenia pośredniczącego
    • b
    • Kod typu mediów
    • n
    • 2
    • Źródło (terminu i kodu)
    • rdamedia
338 -Typ/rodzaj nośnika [ , ]
    • a
    • Hasło opisujące typ nośnika
    • Wolumin
    • b
    • Kod typu nośnika
    • nc
    • 2
    • Źródło (terminu i kodu)
    • rdacarrier
500 -Uwaga ogólna [ , ]
    • a
    • Uwaga ogólna (NP)
    • Dołączona mapa: Międzyodrze.
500 -Uwaga ogólna [ , ]
    • a
    • Uwaga ogólna (NP)
    • Opis według okładki.
500 -Uwaga ogólna [ , ]
    • a
    • Uwaga ogólna (NP)
    • Na okładce: Zachodniopomorskie morze przygody.
500 -Uwaga ogólna [ , ]
    • a
    • Uwaga ogólna (NP)
    • Data i miejsce wydania przyjęte z BNPol online.
080 -Uniwersalna Klasyfikacja Dziesiętna [ , ]
    • 2
    • Identyfikator wydania tablic
    • UDC-P058
    • a
    • Symbol klasyfikacji
    • 913
    • b
    • Dopowiedzenie
    • Geografia regionalna w ogólności. Geografia świata starożytnego i nowożytnego.
    • x
    • Poddział wspólny
    • (438-17-15)
    • b
    • Dopowiedzenie
    • (Polska północnozachodnia).
    • x
    • Poddział wspólny
    • (036)
    • b
    • Dopowiedzenie
    • (Przewodniki o charakterze praktycznym lub opisowym).
080 -Uniwersalna Klasyfikacja Dziesiętna [ , ]
    • 2
    • Identyfikator wydania tablic
    • UDC-P058
    • a
    • Symbol klasyfikacji
    • 797.12
    • b
    • Dopowiedzenie
    • Kajakarstwo. Wioślarstwo.
    • x
    • Poddział wspólny
    • (438-17-15)
    • b
    • Dopowiedzenie
    • (Polska północnozachodnia).
    • x
    • Poddział wspólny
    • (036)
    • b
    • Dopowiedzenie
    • (Przewodniki o charakterze praktycznym lub opisowym).
650 -Hasło przedmiotowe [ ,7]
    • a
    • Hasło przedmiotowe
    • Turystyka wodna.
    • 2
    • Źródło terminu
    • kaba
    • 9
    • KHW
    • 704246
650 -Hasło przedmiotowe [ ,7]
    • a
    • Hasło przedmiotowe
    • Turystyka
    • z
    • Określnik geograficzny
    • Polska.
    • 2
    • Źródło terminu
    • kaba
    • 9
    • KHW
    • 365388
651 -Hasło przedmiotowe w formie nazwy geograficznej [ ,7]
    • a
    • Nazwa geograficzna
    • Polska
    • v
    • Określnik formalny
    • przewodniki.
    • 2
    • Źródło terminu
    • kaba
    • 9
    • KHW
    • 355956
980 -Symbol UKD [ , ]
    • a
    • UKD
    • 913:797.12](438-17-15)(036)
710 -Hasło dodatkowe - nazwa ciała zbiorowego [2, ]
    • a
    • Nazwa ciała zbiorowego lub nazwa geograficzna jako pierwszy element (NP)
    • Oficyna In Plus.
    • e
    • Rodzaj współpracy
    • Wydawca
    • 4
    • Kod relacji
    • pbl
    • 9
    • KHW
    • 80183
920 -ISBN [ , ]
    • a
    • ISBN
    • 978-83-89402-53-0 Find
Numer inwentarzowy Lokalizacja Sygnatura Status udost. Data inwentaryzacji
Bl.10928BG 12008-01-17
WM.10573BG -32009-11-16
WF.9052BMPrzewodniki - Pomorze 3612012-06-15